| 000 | 00497cam a2200193ua 4500 | ||
|---|---|---|---|
| 001 | 11862 | ||
| 008 | 191114n ii |||gr||||Z||||||eng | ||
| 020 | _a9789384471323 | ||
| 040 | _cMAIN | ||
| 041 | _aeng | ||
| 082 | _a808.103 | ||
| 100 |
_aArjun Kumar, _eAuthor. |
||
| 245 |
_aGlossary of contemporary literary terms _cBy Arjun Kumar |
||
| 250 | _a1st ed. | ||
| 260 |
_aNew Delhi: _bSupriya books, _c2017. |
||
| 300 | _a168p. | ||
| 653 | _aRhetoric & collections of literature | ||
| 942 | _cBK | ||
| 999 |
_c10655 _d10655 |
||